[Event "FRA-chT1A 0607"]
[Site "France"]
[Date "2007.02.10"]
[Round "7.6"]
[White "Meaux, Xavier"]
[Black "Astolfi, Frederic"]
[Result "0-1"]
[WhiteElo "2102"]
[BlackElo "2174"]
[PlyCount "96"]
[EventDate "2006.10.15"]
[EventType "team-tourn"]
[EventRounds "11"]
[EventCountry "FRA"]
[SourceTitle "EXT 2008"]
[Source "ChessBase"]
[SourceDate "2007.11.25"]
[SourceVersion "1"]
[SourceVersionDate "2007.11.25"]
[SourceQuality "1"]
[WhiteTeam "Deauville"]
[BlackTeam "Cappelle la Grande"]
[WhiteTeamCountry "FRA"]
[BlackTeamCountry "FRA"]

1. d4 d5 2. Nf3 Nf6 3. e3 c5 4. c3 g6 5. Bd3 Bg7 6. Nbd2 Nbd7 7. 0-0 0-0 8. Re1 Qc7 9. e4 dxe4 10. Nxe4 Nxe4 11. Bxe4 Nf6 12. dxc5 Nxe4 13. Rxe4 Bf5 14. Bf4 Qxc5 15. Rb4 e5 16. Be3 Qc6 17. Qe2 Rfd8 18. Rd1 Rd7 19. Rxd7 Qxd7 20. h3 b6 21. Ng5 Rd8 22. Kh2 h6 23. Ne4 a5 24. Rc4 b5 25. Nc5 Qd1 26. Qxd1 Rxd1 27. g4 Bc2 28. Re4 f5 29. gxf5 gxf5 30. Rh4 f4 31. Rg4 Bf5 32. Rg2 fxe3 33. fxe3 e4 34. Rf2 Rd5 35. Nb3 a4 36. Nd4 Bd7 37. h4 Rh5 38. a3 Rxh4+ 39. Kg3 Rg4+ 40. Kh2 Be5+ 41. Kh1 Rg5 42. Ne2 h5 43. Nf4 Bg4 44. Kh2 Rf5 45. Kg3 Bxf4+ 46. exf4 e3 47. Rf1 e2 48. Re1 Rd5 0-1

[Event "FRA-chT3 North 0304"]
[Site "France"]
[Date "2003.11.15"]
[Round "2.1"]
[White "Bertrand, Xavier"]
[Black "Astolfi, Frederic"]
[Result "1/2-1/2"]
[WhiteElo "2137"]
[BlackElo "2223"]
[PlyCount "90"]
[EventDate "2003.11.??"]
[EventType "team"]
[EventRounds "9"]
[EventCountry "FRA"]
[SourceTitle "EXT 2006"]
[Source "ChessBase"]
[SourceDate "2005.11.24"]
[SourceVersion "1"]
[SourceVersionDate "2005.11.24"]
[SourceQuality "1"]
[WhiteTeam "Neuville en Ferrain"]
[BlackTeam "Cappelle la Grande"]
[WhiteTeamCountry "FRA"]
[BlackTeamCountry "FRA"]

1. d4 d5 2. c4 c6 3. Nc3 Nf6 4. e3 g6 5. Nf3 Bg7 6. Be2 0-0 7. 0-0 Be6 8. b3 c5 9. Bb2 dxc4 10. bxc4 cxd4 11. exd4 Qc8 12. Rc1 Bxc4 13. Nb5 Bxe2 14. Qxe2 Nc6 15. Rfd1 Nd5 16. Ne5 Qe6 17. Qf3 a6 18. Nxc6 bxc6 19. Re1 Qf6 20. Qxf6 Bxf6 21. Nc3 Nf4 22. Rcd1 Rab8 23. Ba3 Rfe8 24. Ne4 Bxd4 25. g3 Ne6 26. Kg2 c5 27. Rc1 Rec8 28. Rc2 Rb5 29. Nd2 Bf6 30. Rec1 Ra5 31. Nc4 Rb5 32. Nd2 Rd8 33. Nb3 Nd4 34. Rd2 e5 35. Rxc5 Nxb3 36. Rxd8+ Bxd8 37. Rc8 Rd5 38. Be7 Kg7 39. Bxd8 Nd4 40. Bb6 Rd6 41. Bc7 Re6 42. Rd8 Nb5 43. Ba5 h5 44. Rd5 g5 45. a4 Nd4 1/2-1/2

[Event "FRA-chT3 Gr8 0203"]
[Site "France"]
[Date "2003.03.09"]
[Round "6"]
[White "Barj, Julien"]
[Black "Astolfi, Frederic"]
[Result "0-1"]
[WhiteElo "2108"]
[BlackElo "2223"]
[PlyCount "128"]
[EventDate "2002.10.??"]
[EventType "team"]
[EventRounds "9"]
[EventCountry "FRA"]
[SourceTitle "EXT 2005"]
[Source "ChessBase"]
[SourceDate "2004.11.15"]
[SourceVersion "1"]
[SourceVersionDate "2004.11.15"]
[SourceQuality "1"]

1. e4 c6 2. Nc3 d5 3. d4 dxe4 4. Nxe4 Bf5 5. Ng3 Bg6 6. Nf3 Nd7 7. Nh4 e6 8. Nxg6 hxg6 9. Bd3 Ndf6 10. c3 Qc7 11. Qf3 Bd6 12. Bg5 Nd5 13. Ne4 Bf4 14. g3 Bxg5 15. Nxg5 Qe7 16. h4 Nh6 17. 0-0-0 Qf6 18. Qe2 Nf5 19. Be4 Qe7 20. Rhe1 Kf8 21. Kb1 Rd8 22. Nf3 Nf6 23. Bc2 Qc7 24. Ne5 Re8 25. h5 gxh5 26. Bxf5 exf5 27. d5 cxd5 28. Rxd5 Kg8 29. Rd4 Ng4 30. f4 f6 31. Qb5 Kh7 32. Qd3 Nxe5 33. fxe5 Rxe5 34. Rh1 Qf7 35. Rd7 Qg6 36. g4 f4 37. Rxh5+ Rxh5 38. gxh5 Qxd3+ 39. Rxd3 Kh6 40. Rd7 f3 41. Rd3 Kxh5 42. Rxf3 Kg4 43. Rf1 f5 44. Rg1+ Kf3 45. Rxg7 Rb8 46. Kc2 f4 47. Rf7 Ke3 48. Kd1 a6 49. Ke1 b5 50. Re7+ Kf3 51. Ra7 Re8+ 52. Kd1 Re6 53. b3 Kf2 54. a4 Rd6+ 55. Kc2 bxa4 56. bxa4 f3 57. Rg7 Ke1 58. Re7+ Kf1 59. Re5 f2 60. Rg5 Ke2 61. Re5+ Kf3 62. Rf5+ Ke3 63. Rf7 Rd2+ 64. Kc1 Ra2 0-1

[Event "BEL-chT 9798"]
[Site "Antwerp"]
[Date "1998.??.??"]
[Round "11"]
[White "Gulbas, Cemil"]
[Black "Astolfi, Frederic"]
[Result "1/2-1/2"]
[WhiteElo "2190"]
[BlackElo "2255"]
[PlyCount "48"]
[EventDate "1997.??.??"]
[EventType "team"]
[EventRounds "11"]
[EventCountry "BEL"]
[SourceTitle "EXT 1999"]
[Source "ChessBase"]
[SourceDate "1998.11.16"]
[SourceVersion "1"]
[SourceVersionDate "1998.11.16"]
[SourceQuality "1"]

1. e4 c6 2. Nc3 d5 3. Nf3 Bg4 4. h3 Bh5 5. exd5 cxd5 6. g4 Bg6 7. Ne5 Nc6 8. Bb5 Qd6 9. d4 f6 10. Nxg6 hxg6 11. Qf3 e6 12. Bf4 Qd7 13. 0-0-0 Bd6 14. Na4 Nge7 15. Rhe1 b6 16. Re3 Kf8 17. Kb1 Bxf4 18. Qxf4 g5 19. Qg3 Ng6 20. Rc3 Nge7 21. Re1 Rc8 22. Rce3 Kf7 23. f4 gxf4 24. Qxf4 Qc7 1/2-1/2

[Event "Cappelle op 10th"]
[Site "Cappelle la Grande"]
[Date "1994.??.??"]
[Round "6"]
[White "Astolfi, Frederic"]
[Black "Jasnikowski, Zbigniew"]
[Result "0-1"]
[WhiteElo "2235"]
[BlackElo "2475"]
[PlyCount "74"]
[EventDate "1994.02.??"]
[EventType "swiss"]
[EventRounds "9"]
[EventCountry "FRA"]
[SourceTitle "EXT 1999"]
[Source "ChessBase"]
[SourceDate "1998.11.16"]
[SourceVersion "1"]
[SourceVersionDate "1998.11.16"]
[SourceQuality "1"]

1. d4 Nf6 2. Nf3 g6 3. Bg5 Bg7 4. Nbd2 d5 5. e3 0-0 6. b4 Nbd7 7. Be2 Re8 8. h3 e5 9. c3 a5 10. a3 Qe7 11. b5 a4 12. 0-0 c5 13. Re1 h6 14. Bh4 e4 15. Nh2 Nb6 16. f3 cxd4 17. cxd4 Be6 18. Rf1 g5 19. Be1 Rac8 20. fxe4 dxe4 21. Rf2 Nfd5 22. Ndf1 f5 23. Ba5 Qd6 24. Qd2 Rf8 25. Rb1 Qxa3 26. Bd1 Nc4 27. Bb4 Nxd2 28. Bxa3 Nxb1 29. Bxf8 Kxf8 30. Bxa4 Rc1 31. Bb3 f4 32. Ng4 Ke7 33. Bxd5 Bxd5 34. Kh2 h5 35. Ne5 Bxe5 36. dxe5 Bc4 37. Nd2 fxe3 0-1

[Event "FRA-chT"]
[Site "France"]
[Date "1992.??.??"]
[Round "?"]
[White "Astolfi, Frederic"]
[Black "Dubois, Jean Marie"]
[Result "1/2-1/2"]
[WhiteElo "2255"]
[BlackElo "2310"]
[PlyCount "86"]
[EventDate "1992.??.??"]
[EventType "team"]
[EventRounds "8"]
[EventCountry "FRA"]
[SourceTitle "EXT 1997"]
[Source "ChessBase"]
[SourceDate "1996.11.15"]
[SourceVersion "1"]
[SourceVersionDate "1996.11.15"]
[SourceQuality "1"]

1. d4 d6 2. c4 Nf6 3. Nc3 Nbd7 4. e4 e5 5. Be3 g6 6. f3 Bg7 7. d5 0-0 8. Bd3 Nc5 9. Bc2 a5 10. a3 Ne8 11. b4 axb4 12. axb4 Rxa1 13. Qxa1 Na6 14. Na2 Bh6 15. Qc1 Bxe3 16. Qxe3 f5 17. Ne2 f4 18. Qf2 c5 19. dxc6 bxc6 20. 0-0 Be6 21. Bd3 Qb8 22. Rb1 Rf7 23. Nec3 Rb7 24. b5 Nc5 25. bxc6 Rxb1+ 26. Bxb1 Bxc4 27. Nc1 Qb4 28. Qc2 Kf8 29. h3 Ne6 30. Nd3 Qb6+ 31. Kh2 Qxc6 32. Nb4 Qc5 33. Qb2 Qb6 34. Ncd5 Bxd5 35. exd5 Nd4 36. Qd2 Nc7 37. Be4 Qb5 38. Qc3 Qb6 39. Nc6 Nxc6 40. dxc6 Qc5 41. Qb3 Qb5 42. Qa3 Qc5 43. Qb2 Qb5 1/2-1/2

[Event "Cappelle op 08th"]
[Site "Cappelle la Grande"]
[Date "1992.??.??"]
[Round "4"]
[White "Sokolov, Andrei2222"]
[Black "Astolfi, Frederic"]
[Result "1/2-1/2"]
[WhiteElo "2435"]
[BlackElo "2255"]
[PlyCount "52"]
[EventDate "1992.02.??"]
[EventType "swiss"]
[EventRounds "9"]
[EventCountry "FRA"]
[SourceTitle "EXT 1997"]
[Source "ChessBase"]
[SourceDate "1996.11.15"]
[SourceVersion "1"]
[SourceVersionDate "1996.11.15"]
[SourceQuality "1"]

1. c4 c6 2. d4 d5 3. Nc3 dxc4 4. Nf3 Nf6 5. a4 Bf5 6. e3 e6 7. Bxc4 Bb4 8. 0-0 0-0 9. Qb3 Qe7 10. Nh4 Bg4 11. f3 Bh5 12. g4 Bg6 13. e4 a5 14. Na2 Na6 15. Be3 Ne8 16. Nxg6 hxg6 17. Bxa6 Rxa6 18. Nxb4 axb4 19. Bd2 Rb6 20. Qc4 Nd6 21. Qc5 Nc8 22. b3 Rd8 23. Rfd1 Qf6 24. Bg5 Qxf3 25. Bxd8 Qd3 26. Kg2 Qe2+ 1/2-1/2

[Event "Nimes op"]
[Site "Nimes"]
[Date "1991.??.??"]
[Round "6"]
[White "Astolfi, Frederic"]
[Black "Gavrikov, Viktor"]
[Result "0-1"]
[WhiteElo "2235"]
[BlackElo "2580"]
[PlyCount "98"]
[EventDate "1991.04.??"]
[EventType "swiss"]
[EventRounds "9"]
[EventCountry "FRA"]
[SourceTitle "EXT 1997"]
[Source "ChessBase"]
[SourceDate "1996.11.15"]
[SourceVersion "1"]
[SourceVersionDate "1996.11.15"]
[SourceQuality "1"]

1. d4 Nf6 2. c4 e6 3. Nc3 Bb4 4. e3 b6 5. Nge2 Bb7 6. a3 Be7 7. d5 0-0 8. Ng3 d6 9. Be2 Nbd7 10. 0-0 a6 11. e4 Re8 12. b4 c6 13. Bb2 Bf8 14. Qb3 Rc8 15. dxc6 Rxc6 16. Rfd1 Rc7 17. a4 Qa8 18. f3 Qa7 19. Kh1 h5 20. Bf1 Rec8 21. a5 h4 22. axb6 Qxb6 23. Na4 Qa7 24. Bd4 Qb8 25. Ne2 Nh5 26. Rdc1 Be7 27. Nb6 Nxb6 28. Bxb6 Rd7 29. Qe3 Rc6 30. c5 dxc5 31. Bxc5 Bf6 32. Rab1 Qd8 33. f4 e5 34. Qf3 Nxf4 35. Nxf4 exf4 36. b5 Re6 37. Re1 a5 38. b6 Bd4 39. Bxd4 Rxd4 40. Qxf4 Rexe4 41. Qf5 Rg4 42. h3 Rg3 43. Qb5 Re4 44. Rxe4 Bxe4 45. Rb3 Rg5 46. Qa6 Qd1 47. b7 Qxb3 48. Qa8+ Kh7 49. b8Q Qxh3+ 0-1

[Event "Nimes op"]
[Site "Nimes"]
[Date "1991.??.??"]
[Round "7"]
[White "Nijboer, Friso"]
[Black "Astolfi, Frederic"]
[Result "0-1"]
[WhiteElo "2455"]
[BlackElo "2235"]
[PlyCount "112"]
[EventDate "1991.04.??"]
[EventType "swiss"]
[EventRounds "9"]
[EventCountry "FRA"]
[SourceTitle "EXT 1997"]
[Source "ChessBase"]
[SourceDate "1996.11.15"]
[SourceVersion "1"]
[SourceVersionDate "1996.11.15"]
[SourceQuality "1"]

1. e4 c6 2. c4 d5 3. exd5 cxd5 4. cxd5 Nf6 5. Nc3 Nxd5 6. Nf3 Nc6 7. d4 Bg4 8. Qb3 Bxf3 9. gxf3 Nb6 10. d5 Nd4 11. Bb5+ Nd7 12. Qa4 Nxb5 13. Qxb5 g6 14. Bg5 h6 15. Bh4 Qb6 16. 0-0 Bg7 17. d6 g5 18. Bg3 Bxc3 19. Qxb6 axb6 20. bxc3 e5 21. Rfe1 f6 22. f4 gxf4 23. Bxf4 Ra3 24. Bg3 h5 25. f4 h4 26. Bf2 Kf7 27. fxe5 fxe5 28. Re4 Rg8+ 29. Kf1 h3 30. Re3 Rh8 31. Rg3 Rh7 32. Kg1 Ke6 33. Rd1 Rxa2 34. Rg8 Nf6 35. Rg6 Kf5 36. Rg3 Ne4 37. Rf3+ Ke6 38. Bxb6 Nxd6 39. Re1 Nc4 40. Bf2 Rf7 41. Rxf7 Kxf7 42. Bg3 Rg2+ 43. Kh1 Rc2 44. Kg1 Rg2+ 45. Kh1 Ke6 46. Rb1 b6 47. Rb4 Rb2 48. Kg1 b5 49. Rxb2 Nxb2 50. Kf1 Na4 51. Be1 Kd5 52. Kf2 Kc4 53. Kg3 Nxc3 54. Kxh3 b4 55. Bd2 Kd3 56. Bg5 b3 0-1

[Event "Toulouse op"]
[Site "Toulouse"]
[Date "1990.??.??"]
[Round "7"]
[White "Astolfi, Frederic"]
[Black "Roos, Celine"]
[Result "1/2-1/2"]
[WhiteElo "2255"]
[BlackElo "2125"]
[PlyCount "63"]
[EventDate "1990.??.??"]
[EventType "swiss"]
[EventRounds "9"]
[EventCountry "FRA"]
[SourceTitle "EXT 1997"]
[Source "ChessBase"]
[SourceDate "1996.11.15"]
[SourceVersion "1"]
[SourceVersionDate "1996.11.15"]
[SourceQuality "1"]

1. d4 Nf6 2. c4 e6 3. Nc3 Bb4 4. e3 b6 5. Bd3 Bb7 6. f3 Bxc3+ 7. bxc3 d5 8. Ba3 Nbd7 9. Ne2 c5 10. 0-0 0-0 11. Ng3 Qc7 12. Rc1 Rfd8 13. Qe2 Nf8 14. e4 Ng6 15. e5 Nf4 16. Qe3 dxc4 17. exf6 cxd3 18. fxg7 Rd5 19. Rcd1 Ba6 20. Ne4 Ne2+ 21. Kf2 Kxg7 22. dxc5 Rad8 23. c4 Bxc4 24. Bb2+ e5 25. Qg5+ Kf8 26. Ba3 bxc5 27. Nf6 Qc6 28. Nxh7+ Ke8 29. Nf6+ Kf8 30. Nh7+ Ke8 31. Nf6+ Kf8 32. Nh7+ 1/2-1/2

[Event "Cannes op"]
[Site "Cannes"]
[Date "1990.??.??"]
[Round "4"]
[White "Mrdja, Milan"]
[Black "Astolfi, Frederic"]
[Result "1-0"]
[WhiteElo "2395"]
[BlackElo "2255"]
[PlyCount "65"]
[EventDate "1990.02.??"]
[EventType "swiss"]
[EventRounds "9"]
[EventCountry "FRA"]
[SourceTitle "EXT 1997"]
[Source "ChessBase"]
[SourceDate "1996.11.15"]
[SourceVersion "1"]
[SourceVersionDate "1996.11.15"]
[SourceQuality "1"]

1. e4 c6 2. d4 d5 3. Nd2 dxe4 4. Nxe4 Bf5 5. Ng3 Bg6 6. f4 e6 7. Nf3 Bd6 8. c3 Ne7 9. Bd3 Nd7 10. Ne4 Qc7 11. Ne5 f6 12. Nxg6 hxg6 13. Qb3 Kf7 14. Bc4 Nd5 15. Qxb7 Bxf4 16. Bxf4 Qxb7 17. Nd6+ Ke7 18. Nxb7 Nxf4 19. 0-0 g5 20. Na5 Rac8 21. Rae1 Nb6 22. Ba6 Rc7 23. g3 Nh3+ 24. Kg2 Kd7 25. Nb7 Na4 26. b3 Nxc3 27. Nc5+ Kd6 28. Rxe6+ Kd5 29. Bc4+ Kxd4 30. Na6 Rd7 31. Rf3 Nf2 32. Rxf2 Ne4 33. Rxe4+ 1-0

[Event "Cannes op"]
[Site "Cannes"]
[Date "1990.??.??"]
[Round "2"]
[White "Plachetka, Jan"]
[Black "Astolfi, Frederic"]
[Result "1/2-1/2"]
[WhiteElo "2425"]
[BlackElo "2255"]
[PlyCount "55"]
[EventDate "1990.02.??"]
[EventType "swiss"]
[EventRounds "9"]
[EventCountry "FRA"]
[SourceTitle "EXT 1997"]
[Source "ChessBase"]
[SourceDate "1996.11.15"]
[SourceVersion "1"]
[SourceVersionDate "1996.11.15"]
[SourceQuality "1"]

1. e4 c6 2. c4 d5 3. exd5 Nf6 4. d4 cxd5 5. Nc3 e6 6. Nf3 Be7 7. a3 0-0 8. Bd3 dxc4 9. Bxc4 b6 10. 0-0 Ba6 11. Bxa6 Nxa6 12. Ne5 Nc7 13. Bg5 Ncd5 14. Nc6 Qd7 15. Nxe7+ Qxe7 16. Nxd5 exd5 17. Re1 Qd6 18. Re5 Rfe8 19. Qe2 Ne4 20. f3 Rxe5 21. dxe5 Qc5+ 22. Be3 d4 23. Rc1 Nc3 24. Rxc3 Qxe5 25. f4 Qe8 26. Rd3 dxe3 27. Rxe3 Qd7 28. Rd3 1/2-1/2

[Event "Uzes op"]
[Site "Uzes"]
[Date "1989.??.??"]
[Round "6"]
[White "Abravanel, Chely"]
[Black "Astolfi, Frederic"]
[Result "1-0"]
[WhiteElo "2265"]
[BlackElo "2140"]
[PlyCount "79"]
[EventDate "1989.??.??"]
[EventType "swiss"]
[EventRounds "9"]
[EventCountry "FRA"]
[SourceTitle "EXT 1997"]
[Source "ChessBase"]
[SourceDate "1996.11.15"]
[SourceVersion "1"]
[SourceVersionDate "1996.11.15"]
[SourceQuality "1"]

1. g3 d5 2. Bg2 g6 3. c4 dxc4 4. Qa4+ Nd7 5. Qxc4 Ngf6 6. Nf3 Nb6 7. Qc2 Bg7 8. 0-0 0-0 9. Nc3 c6 10. d4 Bg4 11. Rd1 Qc8 12. a4 a5 13. e4 Be6 14. b3 Bh3 15. Bh1 h6 16. Ba3 Re8 17. Rac1 Nfd7 18. Qe2 Nb8 19. Qe3 N6d7 20. e5 Qd8 21. d5 cxd5 22. Nxd5 Nc6 23. Nf4 Bf5 24. e6 fxe6 25. Nxe6 Qc8 26. Nxg7 Kxg7 27. Nd4 Ra6 28. Bxc6 bxc6 29. Nxf5+ gxf5 30. Qd3 Nf6 31. Rc5 Ra7 32. Qc2 Qe6 33. Rxf5 Rb7 34. Rf3 Qg4 35. Rf4 Qe6 36. Rc4 Reb8 37. Rd3 Qe1+ 38. Kg2 Nd5 39. Bb2+ e5 40. Rd1 1-0

[Event "Uzes op"]
[Site "Uzes"]
[Date "1989.??.??"]
[Round "9"]
[White "Astolfi, Frederic"]
[Black "Ladisic, Alex Sacha"]
[Result "1/2-1/2"]
[WhiteElo "2140"]
[BlackElo "2240"]
[PlyCount "44"]
[EventDate "1989.??.??"]
[EventType "swiss"]
[EventRounds "9"]
[EventCountry "FRA"]
[SourceTitle "EXT 1997"]
[Source "ChessBase"]
[SourceDate "1996.11.15"]
[SourceVersion "1"]
[SourceVersionDate "1996.11.15"]
[SourceQuality "1"]

1. d4 Nf6 2. c4 g6 3. Nc3 Bg7 4. e4 d6 5. f3 Nc6 6. Be3 a6 7. Nge2 0-0 8. Qd2 Rb8 9. a3 b5 10. cxb5 axb5 11. d5 Ne5 12. Nd4 e6 13. Nc6 Nxc6 14. dxc6 b4 15. Nb5 Nxe4 16. fxe4 Qh4+ 17. Kd1 Qxe4 18. Ba7 e5 19. Bxb8 Bg4+ 20. Be2 Bh6 21. Qxh6 Qxe2+ 22. Kc1 Qc4+ 1/2-1/2